| 000 | 00492nam a2200193Ia 4500 | ||
|---|---|---|---|
| 005 | 20260429112226.0 | ||
| 008 | 260429s9999||||xx |||||||||||||| ||und|| | ||
| 020 | _a9789348857415 | ||
| 041 | _aEnglish | ||
| 082 |
_a634 _bSIN |
||
| 100 | _aSingh, Ajay | ||
| 245 | 0 |
_aProduction technology of fruit crops / _cAjay Singh |
|
| 250 | _a1st ed. | ||
| 260 |
_aNew Delhi : _bVenus Books, _c2025. |
||
| 300 | _ax, 292 p.; hb | ||
| 650 | _a Fruit crops | ||
| 650 | _aAgriculture | ||
| 942 | _cTB | ||
| 999 |
_c52990 _d52990 |
||